| 000 -LEADER |
| fixed length control field |
00451nam a22001451a 4500 |
| 082 ## - DEWEY DECIMAL CLASSIFICATION NUMBER |
| Classification number |
S 294.592 1 |
| Item number |
DUR/V |
| 100 ## - MAIN ENTRY--PERSONAL NAME |
| Personal name |
Durgalal Sharma Rajpurohit |
| 9 (RLIN) |
122289 |
| 245 ## - TITLE STATEMENT |
| Title |
Vivah samskar vidhi: |
| Remainder of title |
kashmiri kritya, bhasha tika sahit/ |
| Statement of responsibility, etc. |
by Durgalal Sharma Rajpurohit. |
| 260 ## - PUBLICATION, DISTRIBUTION, ETC. |
| Place of publication, distribution, etc. |
Jammu Kashmir: |
| Name of publisher, distributor, etc. |
Hindu Siksha Samiti, |
| Date of publication, distribution, etc. |
|
| 300 ## - PHYSICAL DESCRIPTION |
| Extent |
193p. |
| 650 ## - SUBJECT ADDED ENTRY--TOPICAL TERM |
| Topical term or geographic name entry element |
Vedic Literature |
| 9 (RLIN) |
122290 |
| 650 ## - SUBJECT ADDED ENTRY--TOPICAL TERM |
| Topical term or geographic name entry element |
Religion |
| 9 (RLIN) |
122291 |
| 650 ## - SUBJECT ADDED ENTRY--TOPICAL TERM |
| Topical term or geographic name entry element |
Hinduism |
| 9 (RLIN) |
122292 |
| 942 ## - ADDED ENTRY ELEMENTS (KOHA) |
| Koha item type |
Book |